Countries That Own The Highest % Of Their Continent - Statistics

General Stats
  • This quiz has been taken 58 times
  • The average score is 19 of 21
Answer Stats
% Answer % Correct
95 Australia
100%
48 Brazil
100%
22 China
100%
29 Russia - Asia
100%
40 Russia - Europe
100%
41 Canada
98%
39 United States
98%
16 Argentina
96%
7 India
96%
8 Mexico
96%
8 D.R. Congo
92%
7 Peru
92%
6 Kazakhstan
88%
8 Algeria
86%
6 Colombia
86%
6 France
86%
6 Sudan
82%
6 Ukraine
80%
6 Libya
76%
6 Bolivia
74%
6 Papua New Guinea
46%
No matching quizzes found
Score Distribution
Percent of People with Each Score
Percentile by Number Answered
Your Score History
You have not taken this quiz